1961 1555 1464 1751 1539 1242 1991 1323 1068 1327 1492 1140 1626 1039 1521 1338 1040 1675 1113 1707 1351 1720 1988 1585 1598 1836 1447 1029 1904 1892 1247 1907 1121 1793 1008 1888 1449 1702 1650 1493 1198 1336 1303 1719 1435 1633 1841 1971 1122 1197 1263 1491 1693 1149 1479 1590 1971 1323 1293 1482 1654 1411 1655 1456 1143 1908 1739 1118 1592 1775 1911 1749 1291 1156 1115 1311 1753 1263 1103 1184 1372 1654 1491 1543 1040 1152 1682 1832 1974 1556 1626 1857 1590 1786 1839 1940 1062 1322 1365 BCNSPRNW ULIB Ver.6.0+V

เปลี่ยนเป็นภาษาไทย

Change to English
 แสดงรายละเอียดบรรณานุกรม
  กลับหน้าหลัก

Brief Record : Get Marc (ISO 2709) : E-mail record : QR code < ปิดหน้าต่าง
LEADER : 00000nam 2200000uu 4500
001    13399115288
003     ULIB
008    120809s2555||||th 000 0 tha d
020    ^a9786162790010
060  4 ^aWB115^bอ259อ
100    ^aอภิรดี ศรีวิจตรกมล, บรรณาธิการ
245    ^aอายุรศาสตร์ทันยุค 2555 (Update in Internal Medicine 2012 Emergency in Internal Medicine/^bบรรณาธิการ,อภิรดี ศรีวิจตรกมล, วันชัย เดชสมฤทธิ์ฤทัย, รุ่งโรจน์ กฤตยพงษ์
250    ^aพิมพ์ครั้งที่ 1.
260    ^aกรุงเทพฯ :^bภาพพิมพ์,^c2555
300    ^a349 หน้า
650    ^aอายุรศาสตร์
700 0  วันชัย เดชสมฤทธิ์ฤทัย,^eบรรณาธิการ
700 0  รุ่งโรจน์ กฤตยพงษ์,^eบรรณาธิการ
710 1  ^aภาควิชาอายุรศาสตร์ คณะแพทยศาสตร์ศิริราชพยาบาล
945    ^p250^l0^i19202
945    ^p250^l0^i20072
945    ^p250^l0^i20103
995    ^aทศพร
999 ^a ใช้งานได้ทุกระบบ
รายการนี้ยังไม่มีแท็ก
คุณยังไม่ได้ล็อกอิน คุณสามารถมีกิจกรรมร่วมกับเว็บไซต์ได้ แต่ต้องล็อกอินก่อน ::
  ล็อกอิน

รายการสื่อสารสนเทศ

ลำดับที่ ประเภท เลขเรียก/บาร์โค้ด สถานที่ สถานะ
1. วิทยาศาสตร์การแพทย์ และสุขภาพ
วิทยาศาสตร์การแพทย์ และสุขภาพ
สถานะ=หนังสือเก่า
WB115 อ259อ ฉ.1 
  Barcode: 19202
ห้องสมุดวิทยาเขตนครสวรรค์
►ส่วนจัดเก็บหนังสือเก่า นว.
บนชั้น
  ขอยืม
2. วิทยาศาสตร์การแพทย์ และสุขภาพ
วิทยาศาสตร์การแพทย์ และสุขภาพ
สถานะ=หนังสือเก่า
WB115 อ259อ ฉ.2 
  Barcode: 20072
ห้องสมุดวิทยาเขตนครสวรรค์
►ส่วนจัดเก็บหนังสือเก่า นว.
บนชั้น
  ขอยืม
3. วิทยาศาสตร์การแพทย์ และสุขภาพ
วิทยาศาสตร์การแพทย์ และสุขภาพ
สถานะ=หนังสือเก่า
WB115 อ259อ ฉ.3 
  Barcode: 20103
ห้องสมุดวิทยาเขตนครสวรรค์
►ส่วนจัดเก็บหนังสือเก่า นว.
บนชั้น
  ขอยืม

รายการใกล้เคียง
    หัวเรื่อง [อายุรศาสตร์]

BibComment


ยังไม่เคยถูกคอมเมนท์

คอมเมนท์ทรัพยากรรายการนี้
  คอมเมนท์: อายุรศาสตร์ทันยุ..


 Copyright 2026. Bcnsprnw @Library